书目信息 |
| 题名: |
城市环境地质学
|
|
| 作者: | 刘飞 , 万力 , 胡伏生 编著 | |
| 分册: | ||
| 出版信息: | 北京 知识产权出版社 2011.01 |
|
| 页数: | 137页 | |
| 开本: | 24cm | |
| 丛书名: | ||
| 单 册: | ||
| 中图分类: | X21 | |
| 科图分类: | ||
| 主题词: | 城市环境--cheng shi huan jing--环境地质学 | |
| 电子资源: | ||
| ISBN: | 978-7-5130-0243-1 | |
| 000 | 01052nam0 2200265 450 | |
| 001 | 012011275956 | |
| 005 | 20110428091825.35 | |
| 010 | @a978-7-5130-0243-1@dCNY32.00 | |
| 100 | @a20110428d2011 em y0chiy0120 ea | |
| 101 | 0 | @achi |
| 102 | @aCN@b110000 | |
| 105 | @aa a 000yy | |
| 106 | @ar | |
| 200 | 1 | @a城市环境地质学@Acheng shi huan jing di zhi xue@f刘飞, 万力, 胡伏生编著@Fliu fei,wan li,hu fu sheng bian zhu |
| 210 | @a北京@c知识产权出版社@d2011.01 | |
| 215 | @a137页@c图@d24cm | |
| 320 | @a有书目 (第132-137页) | |
| 330 | @a城市环境地质学是研究城市地质环境的稳定性,在城市的发展中充分利用城市地质环境条件,避免在城市发展中了现条件环境地质问题和环境地质灾害影响到城市发展的学科。本书从影响城市环境地质质量的因素入手,并通过相关应用实例对城市环境地质学的成果应用和表现进行了演示。 | |
| 606 | 0 | @a城市环境@Acheng shi huan jing@x环境地质学 |
| 690 | @aX21@v4 | |
| 701 | 0 | @a刘飞@Aliu fei@4编著 |
| 701 | 0 | @a万力@Awan li@4编著 |
| 701 | 0 | @a胡伏生@Ahu fu sheng@4编著 |
| 801 | 0 | @aCN@bQSSK@c20110428 |
| 905 | @b793120-22@dX21@eL613@f3 | |
| 城市环境地质学/刘飞, 万力, 胡伏生编著.-北京:知识产权出版社,2011.01 |
| 137页:图;24cm |
| ISBN 978-7-5130-0243-1:CNY32.00 |
| 城市环境地质学是研究城市地质环境的稳定性,在城市的发展中充分利用城市地质环境条件,避免在城市发展中了现条件环境地质问题和环境地质灾害影响到城市发展的学科。本书从影响城市环境地质质量的因素入手,并通过相关应用实例对城市环境地质学的成果应用和表现进行了演示。 |
| ● |
| 相关链接 |
|
|
|
正题名:城市环境地质学
索取号:X21/L613
 
预约/预借
| 序号 | 登录号 | 条形码 | 馆藏地/架位号 | 状态 | 备注 |
| 1 | 793120 | 207931201 | 自科库501/501自科库 64排1列4层/ [索取号:X21/L613] | 在馆 | |
| 2 | 793121 | 207931210 | 期刊室512/501自科库 64排1列4层/ [索取号:X21/L613] | 在馆 | |
| 3 | 793122 | 207931229 | 自科库501/501自科库 64排1列4层/ [索取号:X21/L613] | 在馆 |